CONTABILIDAD DE EMPRESAS (Registro nro. 60876)
[ vista simple ]
| 000 -LEADER | |
|---|---|
| fixed length control field | 00363nam a2200145 a 4500 |
| 001 - CONTROL NUMBER | |
| control field | 60876 |
| 005 - DATE AND TIME OF LATEST TRANSACTION | |
| control field | 20180714062313.0 |
| 008 - FIXED-LENGTH DATA ELEMENTS--GENERAL INFORMATION | |
| fixed length control field | 140415s2000 mx 000 0 spa d |
| 041 ## - LANGUAGE CODE | |
| Language code of text/sound track or separate title | spa |
| 082 ## - DEWEY DECIMAL CLASSIFICATION NUMBER | |
| Classification number | 658.1511 |
| Item number | WEL |
| 100 1# - MAIN ENTRY--PERSONAL NAME | |
| Personal name | WELSCH, G. A. |
| 245 10 - TITLE STATEMENT | |
| Title | CONTABILIDAD DE EMPRESAS |
| 250 ## - EDITION STATEMENT | |
| Edition statement | 1a ed. |
| 260 ## - PUBLICATION, DISTRIBUTION, ETC. | |
| Place of publication, distribution, etc. | MEXICO : |
| Name of publisher, distributor, etc. | EL ATENEO, |
| Date of publication, distribution, etc. | 2000 |
| Withdrawn status | Lost status | Source of classification or shelving scheme | Damaged status | Not for loan | Collection code | Home library | Current library | Shelving location | Date acquired | Source of acquisition | Inventory number | Total Checkouts | Full call number | Barcode | Date last seen | Price effective from | Koha item type |
|---|---|---|---|---|---|---|---|---|---|---|---|---|---|---|---|---|---|
| Dewey Decimal Classification | General | Biblioteca Karol Wojtyla | Biblioteca Karol Wojtyla | Sala general | 03/12/2013 | Compra | 151000000000000000022123 | 658.1511 WEL | 9414 | 05/01/2026 | 03/12/2013 | Libro |